| 000 | 00851 a2200253 4500 | ||
|---|---|---|---|
| 008 | 130621s2008 ii d frn 001 0 eng d | ||
| 020 | _a9788184483796 | ||
| 040 |
_aCO-BoUCM _cAngélica Rojas _dDiana Londoño _bspa |
||
| 041 | 0 | 0 | _aeng |
| 060 | _aQU 4 | ||
| 100 | 1 |
_aKaur, Harpreet _939440 |
|
| 245 | 1 | 0 |
_aMedical biochemistry for physiotherapy students _cHarpreet Kaur, Jagmohan Singh ; prólogos Kamaljit Singh MS Sohal |
| 260 |
_aNew Delhi _bJaypee Brothers Medical _c2008 |
||
| 300 |
_a182 páginas _bgráficas |
||
| 500 | _aIncluye índice | ||
| 650 | 7 |
_aBioquimica fisica _939336 |
|
| 650 | 7 |
_aBioquímica _939444 |
|
| 650 | 7 |
_aFisioterapia _939445 |
|
| 690 | _aBioquímica | ||
| 700 | 1 |
_aSingh, Jagmohan _939559 |
|
| 700 | 1 |
_aSingh. Kamaljit _939560 |
|
| 700 | 1 |
_aSohal, MS _939561 |
|
| 942 |
_a15 _cLIBRO _e1 _mK217m _2NLM _hQU 4 _n0 |
||
| 999 |
_c167045 _d167045 |
||